000
00243nam a22000977a 4500
082
_a
658 MEM'O
245
_a
THE MEMORY JOGGER ,A POCKET GUIDE OF TOOLS FOR CONTINUOUS IMPROVEMENT
260
_a
LAWRENCE
_b
G.O.A.L
300
_a
68P
942
_c
BK
999
_c
570697
_d
570697